01222nam a2200205 4500003000900000005001700009008004100026010001500067040002800082082001700110100004900127245006900176250004400245260004000289300003300329504007900362505044100441650006700882650006700949DO-SdBJH20231103145525.0231103b |||||||| |||| 00| 0 spa d a9702606454 aDO-SdBJHbspacDO-SdBJH a551,5b04836 1aBernal Torres, Cesar AugustoeAutor primario10aMetodología de la investigacióncCesar Augusto Bernal Torres a2a. Edición b Edición en español aMéxicobPearson Educaciónc2006 a304 páginasbIlustradoeCD aIncluye bibliografía, Bbbliografía complementaria e índice analitico aCap. I- Importancia y pertinencia de la investigación en la sociedad del conocimiento. II- Ciencia, progreso, calidad de vida. III- Epistemología o filosofía de la ciencia. IV- Sobre el concepto de ciencia social. V-Complejidad e interdisciplinariedad de la ciencia. VI- Método del proceso de investigación científica. VII- Proceso de investigación científica. VIII- Instrumento de relación de información.  aInvestigaciónvMétodoxpara administración y economía aInvestigaciónvMétodoxPara humanidades y ciencia sociales